000 00506nam a2200193 a 4500
001 1770285652754
003 YourLibrary
005 20260205153743.0
008 260205s2002##################000#0#eng##
020 _a9781403904713
082 0 4 _a332.6322094
_bGUI
100 1 _aGuiso, L.,
_eauthor.
245 1 0 _aStockholding in Europe :
260 _bPalgrave Macmillan,
_c2002.
300 _a232 pages
650 0 _aBusiness & Economics.
942 _cENGLISH
040 _aYourLibrary
_beng
_cYourLibrary
999 _c610464
_d610464